Power electronics (Record no. 1404)

000 -LEADER
fixed length control field 00542nam a2200205 4500
001 - CONTROL NUMBER
control field 1404
003 - CONTROL NUMBER IDENTIFIER
control field BD-DhUET
008 - FIXED-LENGTH DATA ELEMENTS--GENERAL INFORMATION
fixed length control field 140906b xxu||||| |||| 00| 0 eng d
020 ## - INTERNATIONAL STANDARD BOOK NUMBER
International Standard Book Number 8120325036
040 ## - CATALOGING SOURCE
Transcribing agency 0
Modifying agency BD-DhUET
082 ## - DEWEY DECIMAL CLASSIFICATION NUMBER
Classification number 623.17
Item number RAS/2004
100 ## - MAIN ENTRY--PERSONAL NAME
Personal name Rashid, Muhammad H.
245 ## - TITLE STATEMENT
Title Power electronics
Remainder of title circuits, devices, and applications
250 ## - EDITION STATEMENT
Edition statement 3rd ed.
260 ## - PUBLICATION, DISTRIBUTION, ETC. (IMPRINT)
Place of publication, distribution, etc. New Delhi
Name of publisher, distributor, etc. Prentice-Hall of India
Date of publication, distribution, etc. 2004
300 ## - PHYSICAL DESCRIPTION
Extent xxiv,880p.
504 ## - BIBLIOGRAPHY, ETC. NOTE
Bibliography, etc Includes bibliographies
650 #0 - SUBJECT ADDED ENTRY--TOPICAL TERM
Topical term or geographic name as entry element Power electronics
942 ## - ADDED ENTRY ELEMENTS (KOHA)
Koha item type General Book
Holdings
Koha date last seen Damaged status Not for loan Copy number Date acquired Shelving location Lost status Koha issues (times borrowed) Piece designation (barcode) Price effective from Koha item type Koha normalized classification for sorting Koha date last borrowed Location (home branch) Source of classification or shelving scheme Koha full call number Withdrawn status Sublocation or collection (holding branch)
2022-04-12  12014-09-06Circulation section 41036522014-09-06General Book623_000000000000000_17RAS20042021-12-19Central Library, BUET 623.17/RAS/2004 Central Library, BUET
2022-11-29  22014-09-06Circulation section 11036532014-09-06General Book623_000000000000000_17RAS20042022-11-29Central Library, BUET 623.17/RAS/2004 Central Library, BUET
2018-11-27  32014-09-06Circulation section 21036542014-09-06General Book623_000000000000000_17RAS20042018-10-28Central Library, BUET 623.17/RAS/2004 Central Library, BUET
2014-09-06  42014-09-06Circulation section  1036552014-09-06General Book623_000000000000000_17RAS2004 Central Library, BUET 623.17/RAS/2004 Central Library, BUET
2016-03-07  52014-09-06Circulation section 11036562014-09-06General Book623_000000000000000_17RAS20042014-12-07Central Library, BUET 623.17/RAS/2004 Central Library, BUET
2025-01-26  62014-09-06Circulation section 41036572014-09-06General Book623_000000000000000_17RAS20042023-09-23Central Library, BUET 623.17/RAS/2004 Central Library, BUET
2025-02-09  72014-09-06Circulation section 31036582014-09-06General Book623_000000000000000_17RAS20042024-12-08Central Library, BUET 623.17/RAS/2004 Central Library, BUET
2023-10-04  82014-09-06Circulation section 31036592014-09-06General Book623_000000000000000_17RAS20042023-09-24Central Library, BUET 623.17/RAS/2004 Central Library, BUET
2014-09-06  92014-09-06Circulation section  1036602014-09-06General Book623_170000000000000_RAS_2004 Central Library, BUET 623.17/RAS/2004 Central Library, BUET
2014-09-06  102014-09-06Circulation section  1036612014-09-06General Book623_000000000000000_17RAS2004 Central Library, BUET 623.17/RAS/2004 Central Library, BUET